| 000 | 00483nam a22001937a 4500 | ||
|---|---|---|---|
| 003 | OSt | ||
| 005 | 20240629122502.0 | ||
| 008 | 240629b |||||||| |||| 00| 0 eng d | ||
| 040 | _cTrident | ||
| 100 |
_aRAJVIR bHALWAR _945384 |
||
| 245 | _aCommunity Medicine Prep Manual for Undergraduates | ||
| 250 | _a1st | ||
| 260 |
_aHaryana _bElsevir _c2018 |
||
| 300 | _aXXIII,630; | ||
| 500 | _aBook 01 | ||
| 650 | _2Boi Medical | ||
| 700 |
_aIndranil Saha _945385 |
||
| 942 |
_2ddc _cBK _n0 |
||
| 999 |
_c61114 _d61114 |
||